000 00769nam a22002177a 4500
005 20160803105246.0
010 _a1516EN07 ENG-114681
020 _a9780143424925
_c399.00
035 _aEN-98213
035 _aB-604136-158
037 _adpl
_bAakar/Ven
037 _bDBAD/PUB
082 _a181.499
100 _aOsho
245 _aLearning happiness :
_cby Osho
_bthe discipline of transcendence /
260 _bPenguin Books
_c2015
_aGurgaon
270 _a7th Floor, Infinity Tower C, DLF Cyber City
_bGurgaon
_e122002,
300 _aviii,266p.
_c21cm(pbk)
942 _2ddc
_cEN
_mOSH
_h181.499
999 _c95946
_d95946